000 00397nam a22001457a 4500
008 140116b xxu||||| |||| 00| 0 alb d
020 _a9789951878302
080 _a821.18:808.1
100 1 _aMiftari, Vehbi
245 _aTeknikat themelore të shkrimit /
_cVehbi Miftari.
260 _aKosovë :
_b"imp" ;
_c2009.
300 _a189 f. ;
_c24 cm.
650 _aGjuha shqipe
_xShkrimi
942 _2udc
_cBK
999 _c395
_d395